000
00351pam a2200157a 44500
008
230515b1991 xxu||||| |||| 00| 0 eng d
020
_a
NULL
041
_a
ENGLISH
082
_a
611/CHA
100
_a
CHURASIA B.D.
245
_a
HUMAN ANATOMY
250
_a
2
260
_a
DELHI
_b
CBS PUBLISHERS
_c
1991
300
_a
374
650
_a
HUMAN ANATOMY
999
_c
482683
_d
482683